Zawodnicy Stali Gorzów Wielkopolski (żużel) w latach 2011-2024 - Statystyki

Ogólne statystyki
  • Ten quiz został rozwiązany 236 razy
  • Średni wynik to 24 z 46
Statystyki odpowiedzi
Podpowiedź Odpowiedź % Poprawnych
Polska 2011-2022 Bartosz Zmarzlik
97%
Polska 2011 Paweł Zmarzlik
97%
Słowacja 2017-2018, 2021-2024 Martin Vaculik
95%
Dania 2019-2024 Anders Thomsen
94%
Polska 2022-2024 Oskar Paluch
91%
Polska 2012-2020 Krzysztof Kasprzak
87%
Słowenia 2011-2012, 2014-2016 Matej Zagar
83%
Polska 2018-2024 Szymon Woźniak
83%
Dania 2011-2017, 2020 Niels Kristian Iversen
82%
Czechy 2024 Adam Bednar
81%
Polska 2023-2024 Oskar Fajfer
80%
Australia 2020 Jack Holder
77%
Dania 2011 Nicki Pedersen
77%
Polska 2011-2012 Tomasz Gollob
73%
Norwegia 2023-2024 Mathias Pollestad
67%
Polska 2016-2017 Przemysław Pawlicki
62%
Polska 2011-2016 Adrian Cyfer
60%
Polska 2022-2024 Jakub Stojanowski
60%
Dania 2012, 2016 Michael Jepsen Jensen
60%
Polska 2016-2021 Rafał Karczmarz
57%
Szwecja 2013-2015, 2017-2018 Linus Sundstrom
50%
Dania 2019 Peter Kildemand
50%
Polska 2020-2023 Wiktor Jasiński
50%
Dania 2022 Patrick Hansen
49%
Polska 2024 Jakub Miśkowiak
48%
Polska 2019-2020, 2022-2023 Mateusz Bartkowiak
48%
Polska 2013-2015 Tomasz Gapiński
47%
Polska 2018 Grzegorz Walasek
42%
Polska 2013 Paweł Hlib
35%
Dania 2021 Marcus Birkemose
34%
Dania 2020 Nicolai Klindt
33%
Dania 2011 Hans Andersen
32%
Polska 2011, 2013 Łukasz Cyran
29%
Polska 2019, 2021 Kamil Pytlewski
28%
Wielka Brytania 2019 Adam Ellis
27%
Polska 2017-2019 Alan Szczotka
27%
Polska 2021 Kamil Nowacki
27%
Polska 2014-2015 Piotr Świderski
27%
Szwecja 2013 Daniel Nermark
24%
Polska 2021-2022 Oliwier Ralcewicz
24%
Polska 2022 Oskar Hurysz
24%
Polska 2012 Łukasz Kaczmarek
22%
Dania 2019 Frederik Jakobsen
21%
Polska 2017-2018 Hubert Czerniawski
17%
Polska 2011 Artur Mroczka
14%
Polska 2013 Łukasz Jankowski
12%
Nie znaleziono quizów pasujących do podanych kryteriów
Rozkład punktacji
Procent ludzi z każdym wynikiem
Percentyl według liczby udzielonych odpowiedzi
Twoja historia wyników
Nie rozwiązałeś tego quizu